[Event "Portugal Open 2020"]
[Site "Lisbon"]
[Date "2020.01.30"]
[Round "7.35"]
[White "Jorge, Rita Maria Osorio"]
[Black "Krzywda, Andrzej"]
[Result "1-0"]
[WhiteElo "1932"]
[BlackElo "2178"]
[Annotator "ChessBase"]
[PlyCount "169"]
[EventDate "2020.01.25"]
[EventType "swiss"]
[EventCountry "POR"]
[SourceTitle "playchess.com"]
[Source "ChessBase"]
[SourceQuality "1"]
[TimeControl "5400+30"]

1. e4 {[%emt 0:00:00]} c6 {[%emt 0:00:00]} 2. d4 {[%emt 0:00:00]} d5 {[%emt 0:00:00]} 3. Nd2 {[%emt 0:00:18]} dxe4 {[%emt 0:00:00]} 4. Nxe4 {[%emt 0:00:05]} Bf5 {[%emt 0:00:00]} 5. Ng3 {[%emt 0:00:08]} Bg6 {[%emt 0:00:00]} 6. Nf3 {[%emt 0:00:18]} Nd7 {[%emt 0:00:58]} 7. h4 {[%emt 0:00:31]} h6 {[%emt 0:00:22]} 8. h5 {[%emt 0:00:11]} Bh7 {[%emt 0:00:06]} 9. Bd3 {[%emt 0:00:07]} Bxd3 {[%emt 0:00:06]} 10. Qxd3 {[%emt 0:00:04]} e6 {[%emt 0:00:08]} 11. Bf4 {[%emt 0:00:11]} Qa5+ {[%emt 0:00:31]} 12. Bd2 {[%emt 0:00:18]} Bb4 {[%emt 0:00:06]} 13. a3 {[%emt 0:02:54]} Bxd2+ {[%emt 0:00:14]} 14. Qxd2 {[%emt 0:00:28]} Qxd2+ {[%emt 0:00:24]} 15. Nxd2 {[%emt 0:00:52]} Ngf6 {[%emt 0:00:52]} 16. O-O-O {[%emt 0:00:45]} O-O {[%emt 0:04:57]} 17. Nde4 {[%emt 0:01:09]} Rfd8 {[%emt 0:03:01]} 18. Rhe1 {[%emt 0:02:44]} Rac8 {[%emt 0:04:11]} 19. Kb1 {[%emt 0:03:48]} Kf8 {[%emt 0:09:11]} 20. f4 {[%emt 0:10:42]} Nxe4 {[%emt 0:11:01]} 21. Nxe4 {[%emt 0:04:24]} Nb6 {[%emt 0:00:11]} 22. Nc5 {[%emt 0:09:57]} Rb8 {[%emt 0:00:20]} 23. g4 {[%emt 0:15:01]} Nd5 {[%emt 0:02:29]} 24. Nd3 {[%emt 0:01:42]} Rbc8 {[%emt 0:05:43]} 25. c3 {[%emt 0:16:06]} Nf6 {[%emt 0:07:19]} 26. Ne5 {[%emt 0:06:21]} Nd5 {[%emt 0:04:26]} 27. Rd2 {[%emt 0:03:44]} Rc7 {[%emt 0:05:25]} 28. Nd3 {[%emt 0:07:11]} Nf6 {[%emt 0:03:56]} 29. Ne5 {[%emt 0:02:52]} c5 {[%emt 0:02:04]} 30. Red1 {[%emt 0:02:55]} Ne4 {[%emt 0:03:33]} 31. Re2 {[%emt 0:01:06]} Nf6 {[%emt 0:03:04]} 32. Red2 {[%emt 0:00:17]} Ne4 {[%emt 0:08:26]} 33. Re2 {[%emt 0:00:53]} f5 {[%emt 0:14:11]} 34. gxf5 {[%emt 0:03:20]} exf5 {[%emt 0:02:11]} 35. d5 {[%emt 0:03:11]} c4 {[%emt 0:00:36]} 36. Rd4 {[%emt 0:01:24]} b5 {[%emt 0:01:52]} 37. Ng6+ {[%emt 0:00:27]} Kf7 {[%emt 0:00:16]} 38. Nh4 {[%emt 0:00:45]} Ng3 {[%emt 0:02:50]} 39. Re5 {[%emt 0:00:26]} Nxh5 {[%emt 0:00:49]} 40. Nxf5 {[%emt 0:00:41]} Nf6 {[%emt 0:00:37]} 41. d6 {[%emt 0:00:27]} Rcd7 {[%emt 0:02:34]} 42. Rxb5 {[%emt 0:00:34]} g6 {[%emt 0:00:09]} 43. Ne3 {[%emt 0:00:50]} Rxd6 {[%emt 0:00:18]} 44. Rxd6 {[%emt 0:00:34]} Rxd6 {[%emt 0:00:01]} 45. Nxc4 {[%emt 0:00:10]} Rd1+ {[%emt 0:01:00]} 46. Kc2 {[%emt 0:00:04]} Rg1 {[%emt 0:00:31]} 47. Ne5+ {[%emt 0:00:36]} Kg8 {[%emt 0:01:19]} 48. Rb8+ {[%emt 0:00:24]} Kg7 {[%emt 0:00:01]} 49. Rb7+ {[%emt 0:00:11]} Kg8 {[%emt 0:00:01]} 50. Rxa7 {[%emt 0:00:16]} h5 {[%emt 0:00:08]} 51. Ra6 {[%emt 0:01:14]} Kg7 {[%emt 0:00:13]} 52. Ra7+ {[%emt 0:01:20]} Kg8 {[%emt 0:00:01]} 53. b4 {[%emt 0:00:53]} h4 {[%emt 0:00:09]} 54. b5 {[%emt 0:00:17]} Nd5 {[%emt 0:02:09]} 55. Nf3 {[%emt 0:00:32]} Rg2+ {[%emt 0:00:28]} 56. Kb3 {[%emt 0:00:37]} h3 {[%emt 0:00:10]} 57. Rd7 {[%emt 0:00:12]} Nb6 {[%emt 0:01:29]} 58. Rd1 {[%emt 0:00:43]} Rf2 {[%emt 0:00:55]} 59. Ng5 {[%emt 0:00:29]} h2 {[%emt 0:00:17]} 60. Rh1 {[%emt 0:00:15]} Nd5 {[%emt 0:00:37]} 61. a4 {[%emt 0:00:56]} Nxf4 {[%emt 0:00:34]} 62. b6 {[%emt 0:00:15]} Nd3 {[%emt 0:00:40]} 63. a5 {[%emt 0:00:43]} Rf5 {[%emt 0:00:42]} 64. Ne4 {[%emt 0:00:37]} Rxa5 {[%emt 0:00:22]} 65. Rxh2 {[%emt 0:00:07]} Ne5 {[%emt 0:00:38]} 66. c4 {[%emt 0:00:23]} Ra8 {[%emt 0:00:34]} 67. c5 {[%emt 0:00:37]} Nc6 {[%emt 0:00:29]} 68. Rd2 {[%emt 0:00:41]} Kf7 {[%emt 0:00:18]} 69. Rd7+ {[%emt 0:00:32]} Kf8 {[%emt 0:00:42]} 70. Nd6 {[%emt 0:00:36]} Rb8 {[%emt 0:00:21]} 71. Rf7+ {[%emt 0:00:24]} Kg8 {[%emt 0:00:01]} 72. Rc7 {[%emt 0:00:11]} Nd8 {[%emt 0:01:06]} 73. Kb4 {[%emt 0:00:46]} g5 {[%emt 0:00:13]} 74. Kb5 {[%emt 0:00:22]} g4 {[%emt 0:00:18]} 75. Nf5 {[%emt 0:00:41]} Nf7 {[%emt 0:00:57]} 76. b7 {[%emt 0:00:21]} Nd8 {[%emt 0:00:16]} 77. c6 {[%emt 0:00:14]} g3 {[%emt 0:00:30]} 78. Nxg3 {[%emt 0:00:22]} Nxc6 {[%emt 0:00:45]} 79. Kxc6 {[%emt 0:00:12]} Rxb7 {[%emt 0:00:20]} 80. Rxb7 {[%emt 0:00:07]} Kh8 {[%emt 0:00:03]} 81. Kd6 {[%emt 0:00:05]} Kg8 {[%emt 0:00:04]} 82. Ke6 {[%emt 0:00:04]} Kf8 {[%emt 0:00:04]} 83. Nf5 {[%emt 0:00:09]} Kg8 {[%emt 0:00:04]} 84. Kf6 {[%emt 0:00:06]} Kh8 {[%emt 0:00:04]} 85. Kg6 {[%emt 0:00:05]} 1-0

[Event "Portugal Open 2020"]
[Site "Lisbon"]
[Date "2020.01.30"]
[Round "7.38"]
[White "Saltao, Joao Miguel Ramos"]
[Black "Pires, Emanuel Joao Robarts"]
[Result "1-0"]
[WhiteElo "1912"]
[BlackElo "2112"]
[Annotator "RC"]
[PlyCount "103"]
[EventDate "2020.01.25"]
[EventType "swiss"]
[EventCountry "POR"]
[SourceTitle "playchess.com"]
[Source "ChessBase"]
[SourceQuality "1"]
[TimeControl "5400+30"]

1. e4 {[%emt 0:00:35]} d6 {[%emt 0:01:41]} 2. d4 {[%emt 0:01:01]} Nf6 {[%emt 0:00:10]} 3. Bd3 {[%emt 0:00:05]} e5 {[%emt 0:00:27]} 4. Nf3 {[%emt 0:02:14]} Nbd7 {[%emt 0:00:20]} 5. O-O {[%emt 0:00:50]} Be7 {[%emt 0:00:20]} 6. Nbd2 {[%emt 0:01:40]} c6 {[%emt 0:00:19]} 7. Nc4 {[%emt 0:01:14]} Qc7 {[%emt 0:01:30]} 8. a4 {[%emt 0:00:16]} h6 {[%emt 0:01:15]} 9. c3 {[%emt 0:02:44]} O-O {[%emt 0:03:26]} 10. Qe2 {[%emt 0:01:41]} Re8 {[%emt 0:00:21]} 11. dxe5 {[%emt 0:00:58]} dxe5 {[%emt 0:03:24]} 12. Rd1 {[%emt 0:01:40]} Bf8 {[%emt 0:00:20]} 13. h3 {[%emt 0:01:28]} a5 {[%emt 0:05:42]} 14. Bc2 {[%emt 0:04:54]} Nh5 {[%emt 0:06:00]} 15. Nh2 {[%emt 0:26:04]} Nf4 {[%emt 0:03:06]} 16. Qf3 {[%emt 0:00:36]} Nf6 {[%emt 0:05:42]} 17. Be3 {[%emt 0:03:01]} b5 {[%emt 0:04:15]} 18. Nb6 {[%emt 0:02:50]} Rb8 {[%emt 0:04:04]} 19. Nxc8 {[%emt 0:07:33]} Rexc8 {[%emt 0:01:46]} 20. axb5 {[%emt 0:04:38]} Rxb5 {[%emt 0:07:18]} 21. Bc1 {[%emt 0:00:51]} Rbb8 {[%emt 0:09:44]} 22. Nf1 {[%emt 0:04:18]} Nd7 {[%emt 0:08:31]} 23. Ne3 {[%emt 0:01:37]} Nc5 {[%emt 0:04:19]} 24. Nc4 {[%emt 0:01:26]} Ra8 {[%emt 0:02:41]} 25. Kh2 {[%emt 0:03:08]} a4 {[%emt 0:01:15]} 26. g3 {[%emt 0:04:12]} Ng6 {[%emt 0:06:30]} 27. Qg4 {[%emt 0:01:55]} Re8 {[%emt 0:03:52]} 28. Be3 {[%emt 0:01:08]} Red8 {[%emt 0:03:09]} 29. h4 {[%emt 0:01:18]} Qc8 {[%emt 0:06:23]} 30. Qxc8 {[%emt 0:00:55]} Raxc8 {[%emt 0:00:02]} 31. Rxd8 {[%emt 0:02:56]} Rxd8 {[%emt 0:00:01]} 32. h5 {[%emt 0:00:08]} Nh8 {[%emt 0:00:21]} 33. Nxe5 {[%emt 0:00:20]} Re8 {[%emt 0:01:17]} 34. Nxc6 {[%emt 0:06:02]} Nxe4 {[%emt 0:00:18]} 35. Bxe4 {[%emt 0:00:45]} Rxe4 {[%emt 0:00:01]} 36. Nd4 {[%emt 0:00:11]} Re5 {[%emt 0:01:12]} 37. Rxa4 {[%emt 0:00:31]} Rxh5+ {[%emt 0:00:01]} 38. Kg2 {[%emt 0:00:09]} Ng6 {[%emt 0:01:25]} 39. Ra7 {[%emt 0:01:06]} Ne7 {[%emt 0:01:31]} 40. Ra8 {[%emt 0:00:44]} Nd5 {[%emt 0:00:59]} 41. Bd2 {[%emt 0:01:35]} Re5 {[%emt 0:00:29]} 42. b4 {[%emt 0:01:42]} g5 {[%emt 0:00:49]} 43. Ra5 {[%emt 0:00:14]} Bg7 {[%emt 0:01:44]} 44. Nc6 {[%emt 0:01:22]} Re6 {[%emt 0:00:31]} 45. Rxd5 {[%emt 0:00:45]} Rxc6 {[%emt 0:00:01]} 46. b5 {[%emt 0:00:09]} Re6 {[%emt 0:00:31]} 47. c4 {[%emt 0:00:46]} Re2 {[%emt 0:01:35]} 48. c5 {[%emt 0:00:28]} f5 {[%emt 0:00:46]} 49. c6 {[%emt 0:00:26]} Be5 {[%emt 0:00:17]} 50. b6 {[%emt 0:00:41]} f4 {[%emt 0:00:11]} 51. gxf4 {[%emt 0:00:06]} gxf4 {[%emt 0:00:14]} 52. c7 {[%emt 0:00:22]} 1-0

[Event "Portugal Open 2020"]
[Site "Lisbon"]
[Date "2020.01.30"]
[Round "7.39"]
[White "Atakay, Mustafa"]
[Black "Tuerk, Philipp"]
[Result "1/2-1/2"]
[WhiteElo "1886"]
[BlackElo "2106"]
[Annotator "ChessBase"]
[PlyCount "30"]
[EventDate "2020.01.25"]
[EventType "swiss"]
[EventCountry "POR"]
[SourceTitle "playchess.com"]
[Source "ChessBase"]
[SourceQuality "1"]
[TimeControl "5400+30"]

1. d4 {[%emt 0:00:00]} Nf6 {[%emt 0:13:55]} 2. c4 {[%emt 0:00:00]} c5 {[%emt 0:00:27]} 3. d5 {[%emt 0:00:00]} e6 {[%emt 0:00:11]} 4. Nc3 {[%emt 0:00:00]} exd5 {[%emt 0:00:08]} 5. cxd5 {[%emt 0:00:00]} d6 {[%emt 0:00:09]} 6. g3 {[%emt 0:00:15]} g6 {[%emt 0:00:33]} 7. Bg2 {[%emt 0:00:07]} Bg7 {[%emt 0:00:02]} 8. Nf3 {[%emt 0:00:06]} O-O {[%emt 0:00:16]} 9. O-O {[%emt 0:00:04]} a6 {[%emt 0:00:11]} 10. a4 {[%emt 0:00:04]} Re8 {[%emt 0:00:09]} 11. Bf4 {[%emt 0:10:34]} Nh5 {[%emt 0:03:32]} 12. Bg5 {[%emt 0:02:02]} Qb6 {[%emt 0:05:22]} 13. Qc2 {[%emt 0:08:27]} Bf5 {[%emt 0:03:55]} 14. e4 {[%emt 0:01:40]} Bxc3 {[%emt 0:00:25]} 15. exf5 {[%emt 0:00:06]} Qxb2 {[%emt 0:00:09]} 1/2-1/2

[Event "Portugal Open 2020"]
[Site "Lisbon"]
[Date "2020.01.30"]
[Round "7.40"]
[White "Fernandes, Ricardo Paulos"]
[Black "Pipiras, Filipa Fortuna"]
[Result "1-0"]
[WhiteElo "2100"]
[BlackElo "1876"]
[Annotator "TA"]
[PlyCount "55"]
[EventDate "2020.01.25"]
[EventType "swiss"]
[EventCountry "POR"]
[SourceTitle "playchess.com"]
[Source "ChessBase"]
[SourceQuality "1"]

{[%evp 13,54,-19,-19,-21,12,6,12,5,43,0,0,-45,-50,-97,-92,-78,0,0,0,-22,-8,-97,-49,-98,-61,-81,-71,-130,-63,-192,-44,-53,-64,-80,-92,-99,-82,-93,0,-68,29998,29999,29999]} 1. Nf3 d5 2. g3 Nf6 3. Bg2 e6 4. d3 Be7 5. O-O c5 6. Nbd2 Nc6 7. c3 O-O 8. Qc2 {A08: King's Indian Attack} (8. a3 a5 9. a4 b6 10. Nb1 h6 11. Na3 Bb7 12. Qb3 Rb8 13. Nb5 e5 14. Nd2 Qd7 15. e4 d4 {½-½ (37) Vajda,L (2600)-Antal,G (2517) Zalakaros 2017}) 8... d4 $146 ({Predecessor:} 8... e5 9. a3 Qc7 10. e4 dxe4 11. dxe4 Be6 12. Ng5 Bd7 13. Nc4 h6 14. Nf3 Be6 15. Ne3 Rfd8 {0-1 (43) Pacuszka,T (2220)-Dzierzak,R (2282) Jastrzebia Gora 2018}) 9. a4 Bd6 10. Nc4 {The position is equal.} Bc7 11. e4 e5 12. Ne1 Be6 13. f4 exf4 14. gxf4 Ne8 (14... g6 $17) 15. Nf3 $11 f6 16. Na3 a6 17. c4 (17. cxd4 $11 Nxd4 18. Nxd4 Qxd4+ 19. Kh1) 17... Qd7 18. Qe2 Nd6 19. Kh1 Kh8 20. Rg1 ({White should try} 20. Nc2) 20... Rfe8 (20... Bg4 $17 21. Bd2 g5 $1 {[%mdl 512]} 22. fxg5 f5) 21. Nc2 {[#]} (21. Bd2 $15) 21... Rab8 (21... Nxc4 $1 $19 {[%mdl 512] Hoping for ...N4a5.} 22. f5 {[#]} (22. dxc4 d3) 22... Bxf5 $1 {[%mdl 576] Pin}) 22. Qf2 $15 b5 23. b3 bxc4 24. bxc4 Rb3 25. Bf1 Rbb8 ({Black should play} 25... Nb7 $17) 26. Nh4 (26. Bg2 $1 $11) 26... Rg8 $2 {[%mdl 8192] [#]} (26... Nb7 $15) 27. Ng6+ $1 {[%mdl 576] Clearance} hxg6 28. Qh4# {Accuracy: White = 31%, Black = 20%.} 1-0

[Event "Portugal Open 2020"]
[Site "Lisbon"]
[Date "2020.01.30"]
[Round "7.41"]
[White "Marzano, Carlo"]
[Black "Fanha, Paulo"]
[Result "1/2-1/2"]
[WhiteElo "2078"]
[BlackElo "1766"]
[Annotator "NA RC"]
[PlyCount "114"]
[EventDate "2020.01.25"]
[EventType "swiss"]
[EventCountry "POR"]
[SourceTitle "playchess.com"]
[Source "ChessBase"]
[SourceQuality "1"]
[TimeControl "5400+30"]

1. d4 {[%emt 0:00:00]} d5 {[%emt 0:00:00]} 2. c4 {[%emt 0:00:00]} e6 {[%emt 0:00:00]} 3. Nc3 {[%emt 0:00:00]} f5 {[%emt 0:00:00]} 4. Bf4 {[%emt 0:00:12]} c6 {[%emt 0:00:00]} 5. e3 {[%emt 0:00:19]} Nf6 $14 {[%emt 0:00:00]} 6. Nf3 {[%emt 0:00:32]} Bd6 {[%emt 0:01:50]} 7. Bd3 {[%emt 0:00:29]} O-O {[%emt 0:00:25]} 8. O-O {[%emt 0:00:18]} Ne4 {[%emt 0:01:00]} 9. Qc2 {[%emt 0:01:08]} g5 {[%emt 0:03:50]} 10. Bxd6 {[%emt 0:01:08]} Nxd6 {[%emt 0:00:08]} 11. Ne5 {[%emt 0:01:03]} Nd7 {[%emt 0:00:41]} 12. Nxd7 {[%emt 0:01:48]} Bxd7 {[%emt 0:00:19]} 13. c5 {[%emt 0:00:41]} Ne4 {[%emt 0:00:19]} 14. f3 {[%emt 0:15:47]} Nxc3 {[%emt 0:01:05]} 15. Qxc3 {[%emt 0:00:12]} Qc7 {[%emt 0:00:18]} 16. f4 {[%emt 0:00:55]} g4 {[%emt 0:00:20]} 17. b4 {[%emt 0:00:15]} a5 {[%emt 0:04:40]} 18. a3 {[%emt 0:01:55]} b5 {[%emt 0:02:50]} 19. a4 {[%emt 0:17:57]} axb4 {[%emt 0:02:41]} 20. Qxb4 {[%emt 0:00:30]} bxa4 {[%emt 0:00:11]} 21. Rxa4 {[%emt 0:00:13]} Rfb8 {[%emt 0:00:42]} 22. Rxa8 {[%emt 0:01:54]} Rxa8 {[%emt 0:00:02]} 23. Rb1 {[%emt 0:00:18]} Ra2 {[%emt 0:03:23]} 24. Qb7 {[%emt 0:08:32]} Qxb7 {[%emt 0:06:54]} 25. Rxb7 {[%emt 0:00:06]} Be8 {[%emt 0:00:09]} 26. Rb1 {[%emt 0:14:57]} Kf7 {[%emt 0:04:24]} 27. Bf1 {[%emt 0:00:45]} Ke7 {[%emt 0:00:20]} 28. Re1 {[%emt 0:01:06]} h5 {[%emt 0:02:14]} 29. Re2 {[%emt 0:03:41]} Rxe2 {[%emt 0:00:45]} 30. Bxe2 {[%emt 0:00:01]} h4 {[%emt 0:00:37]} 31. Kf2 {[%emt 0:00:15]} Kd8 {[%emt 0:00:40]} 32. g3 {[%emt 0:00:48]} h3 {[%emt 0:00:13]} 33. Ke1 {[%emt 0:00:42]} Kc7 {[%emt 0:00:05]} 34. Kd2 {[%emt 0:01:08]} Kb7 {[%emt 0:00:08]} 35. Kc3 {[%emt 0:00:29]} Ka7 {[%emt 0:00:14]} 36. Kb4 {[%emt 0:00:35]} Bd7 {[%emt 0:00:18]} 37. Ka5 {[%emt 0:00:18]} Bc8 {[%emt 0:00:24]} 38. Bd3 {[%emt 0:03:43]} Bb7 {[%emt 0:00:22]} 39. Bc2 {[%emt 0:00:20]} Bc8 {[%emt 0:00:13]} 40. Ba4 {[%emt 0:01:03]} Kb7 {[%emt 0:00:18]} 41. Kb4 {[%emt 0:01:01]} Kc7 {[%emt 0:00:30]} 42. Kc3 {[%emt 0:01:59]} Ba6 {[%emt 0:01:03]} 43. Kd2 {[%emt 0:02:41]} Bf1 {[%emt 0:00:53]} 44. Bb3 {[%emt 0:00:35]} Bb5 {[%emt 0:00:27]} 45. e4 {[%emt 0:00:54]} Ba6 {[%emt 0:02:22]} 46. exf5 {[%emt 0:02:00]} exf5 {[%emt 0:00:03]} 47. Kc3 {[%emt 0:01:22]} Bc8 {[%emt 0:00:51]} 48. Kb4 {[%emt 0:00:15]} Kb7 {[%emt 0:00:17]} 49. Ka5 {[%emt 0:02:19]} Kc7 {[%emt 0:01:22]} 50. Bc2 {[%emt 0:00:17]} Bd7 {[%emt 0:01:12]} 51. Ka6 {[%emt 0:00:29]} Bc8+ {[%emt 0:00:25]} 52. Ka7 {[%emt 0:00:06]} Bd7 {[%emt 0:00:06]} 53. Bd3 {[%emt 0:00:10]} Bc8 {[%emt 0:00:11]} 54. Ba6 {[%emt 0:00:18]} Bd7 {[%emt 0:00:06]} 55. Bd3 {[%emt 0:02:46]} Bc8 {[%emt 0:00:12]} 56. Bc2 {[%emt 0:00:09]} Be6 {[%emt 0:00:34]} 57. Bb3 {[%emt 0:00:50]} Bf7 {[%emt 0:00:13]} 1/2-1/2

[Event "Portugal Open 2020"]
[Site "Lisbon"]
[Date "2020.01.31"]
[Round "8.1"]
[White "Indjic, Aleksandar"]
[Black "Goluch, Piotr"]
[Result "1-0"]
[WhiteElo "2622"]
[BlackElo "2413"]
[Annotator "TA"]
[PlyCount "71"]
[EventDate "2020.01.25"]
[EventType "swiss"]
[EventCountry "POR"]
[SourceTitle "playchess.com"]
[Source "ChessBase"]
[SourceQuality "1"]

{[%evp 10,70,12,24,44,47,40,38,41,42,34,45,85,98,95,83,89,87,98,99,98,87,124,102,98,98,126,126,126,126,126,126,126,126,153,162,204,198,670,650,1071,1022,2016,1825,29988,29989,29990,29987,29987,29988,29988,29989,29989,29990,29990,29991,29991,29992,29992,29993,29993,29994,29999]} 1. d4 Nf6 2. c4 e6 3. Nc3 Bb4 4. Nf3 O-O 5. Bg5 h6 6. Bh4 g5 {E21: Nimzo-Indian: 4 Nf3} 7. Bg3 Ne4 8. Qc2 f5 {White is slightly better.} 9. e3 b6 10. Nd2 Bb7 11. Ndxe4 Bxe4 12. Qd2 Bxc3 13. bxc3 Bb7 14. f3 d6 15. h4 Kg7 16. Bd3 Nd7 17. O-O-O Qf6 18. hxg5 hxg5 {[#]} 19. e4 $1 {[%cal Re4f5] And now exf5 would win.} Rh8 20. exf5 exf5 {[#]} 21. f4 $146 ({Predecessor:} 21. Qc2 f4 22. Bf2 Qf7 23. Bf5 Rxh1 24. Rxh1 Rh8 25. Re1 Re8 26. Rg1 Qxc4 27. Bd3 Qf7 28. Rh1 {1-0 (53) Worek,J (2363)-Wozniak,M (2295) Prague 2016}) 21... g4 22. d5 {Bf2 is the strong threat.} Kg6 23. Bf2 Rxh1 $2 (23... c5 24. dxc6 Bxc6 25. Rxh8 Rxh8) 24. Rxh1 $18 Nc5 25. Bd4 Qe7 26. Bxc5 {White threatens Bxf5+! and mate.} bxc5 {[#]} 27. Bxf5+ $1 {[%mdl 512] White mates.} Kxf5 28. Qd3+ Kxf4 29. Rf1+ Kg5 30. Qf5+ Kh4 {[#]} 31. g3+ $1 {[%mdl 512]} Kh3 (31... Kxg3 32. Qf2+) 32. Rh1+ Kg2 33. Qf1+ Kxg3 {[#]} 34. Rg1+ $1 Kh4 {[#]} 35. Qf4 $1 {[%csl Gg1][%cal Rf4g4][%mdl 512]} Rg8 36. Rh1# {Accuracy: White = 100%, Black = 46%.} 1-0

[Event "Portugal Open 2020"]
[Site "Lisbon"]
[Date "2020.01.31"]
[Round "8.2"]
[White "Iturrizaga Bonelli, Eduardo"]
[Black "Tari, Aryan"]
[Result "1/2-1/2"]
[WhiteElo "2597"]
[BlackElo "2635"]
[Annotator "TA"]
[PlyCount "31"]
[EventDate "2020.01.25"]
[EventType "swiss"]
[EventCountry "POR"]
[SourceTitle "playchess.com"]
[Source "ChessBase"]
[SourceQuality "1"]

{[%evp 27,31,6,2,0,78,40]} 1. d4 Nf6 2. c4 g6 3. Nc3 d5 4. Bf4 Bg7 5. e3 c5 6. dxc5 Qa5 7. Rc1 dxc4 8. Bxc4 O-O 9. Nf3 Qxc5 10. Bb3 Qa5 11. O-O Nc6 12. h3 Bf5 13. Qe2 Ne4 14. Nxe4 Bxe4 15. Rfd1 {[#] Ng5 is the strong threat. D93: Grünfeld: 4 Nf3 Bg7 5 Bf4 0-0 6 e3} e6 {[#]} (15... Bxf3 $11 {keeps the balance.} 16. Qxf3 (16. gxf3 Rfd8 $11) 16... Rad8) 16. Nd2 $146 ({Predecessor:} 16. Rd7 Ne5 17. Nxe5 Bxe5 18. Bxe5 Qxe5 19. Rd4 Bc6 20. Rcd1 Rac8 {½-½ (20) Lauber,A (2421)-Zubov,A (2606) Sitges 2016}) 1/2-1/2

[Event "Portugal Open 2020"]
[Site "Lisbon"]
[Date "2020.01.31"]
[Round "8.3"]
[White "Arizmendi Martinez, Julen Luis"]
[Black "Motylev, Alexander"]
[Result "0-1"]
[WhiteElo "2505"]
[BlackElo "2640"]
[Annotator "TA"]
[PlyCount "62"]
[EventDate "2020.01.25"]
[EventType "swiss"]
[EventCountry "POR"]
[SourceTitle "playchess.com"]
[Source "ChessBase"]
[SourceQuality "1"]

{[%evp 21,62,0,0,0,25,38,24,-17,-5,-24,12,0,0,0,10,10,0,-322,-328,-368,-374,-403,-431,-429,-424,-402,-288,-303,-95,-77,0,-308,-308,-308,-308,-308,-308,-306,-300,-322,-305,-297,-295]} 1. d4 Nf6 2. c4 e6 3. Nf3 d5 4. Nc3 c6 5. e3 Nbd7 6. Qc2 Bd6 7. Be2 O-O 8. O-O dxc4 9. Bxc4 e5 10. Bb3 Bc7 11. h3 Qe7 12. Bd2 {D46: Semi-Slav: 5 e3 Nbd7 6 Bd3, Black avoids the Meran} h6 13. Nh4 Rd8 {[#]} 14. Rae1 $146 {And now f4 would win.White has an edge.} ({Predecessor:} 14. Nf5 Qf8 15. Rad1 exd4 16. exd4 Nb6 17. Rfe1 Bxf5 18. Qxf5 Qd6 19. g3 Qd7 20. Qf3 {½-½ (33) Mareco,S (2651)-Henriquez Villagra,C (2543) Montevideo 2019}) 14... Nf8 $1 15. Nf5 Qd7 (15... Bxf5 $5 16. Qxf5 a5 $11) 16. e4 exd4 {Hoping for ...Ng6.} 17. Bxh6 dxc3 18. Bxg7 {[#]} Nxe4 $1 {[%mdl 512]} 19. g4 $2 {[%mdl 8192]} (19. Rxe4 $11 Qxf5 20. Bxc3) (19. Qxe4 Qxf5) 19... Qd3 $19 20. Qxd3 Rxd3 21. Bxf8 Bxf5 ({Not} 21... Kxf8 22. Rxe4 Bxf5 23. gxf5 $17) 22. gxf5 Nd2 (22... Kxf8 $2 23. Rxe4 cxb2 24. Re2 $17) 23. Ba3 Nf3+ (23... Nxf1 $2 24. Kxf1 Rf3 25. bxc3 $19) 24. Kg2 Nh4+ $2 (24... Nxe1+ $19 {and Black stays clearly on top.} 25. Rxe1 Bd6 26. Bxd6 Rxd6 27. bxc3 Kf8) 25. Kg1 $17 {[#]} Nf3+ $2 ({Much worse is} 25... Nxf5 26. Bc2 $11) (25... Be5 $1 $17 {[%mdl 512]} 26. Re4 (26. Rxe5 Nf3+) 26... Nf3+ 27. Kg2 cxb2 28. Rg4+ Kh7) 26. Kg2 $19 Nxe1+ {Black has a decisive advantage.} 27. Rxe1 Bd6 28. Bxd6 Rxd6 29. bxc3 Kf8 30. Re4 Re8 31. Rh4 Kg7 {Accuracy: White = 80%, Black = 69%.} 0-1

[Event "Portugal Open 2020"]
[Site "Lisbon"]
[Date "2020.01.31"]
[Round "8.4"]
[White "Grigoryan, Karen H."]
[Black "Janik, Igor"]
[Result "1-0"]
[WhiteElo "2632"]
[BlackElo "2453"]
[Annotator "TA"]
[PlyCount "71"]
[EventDate "2020.01.25"]
[EventType "swiss"]
[EventCountry "POR"]
[SourceTitle "playchess.com"]
[Source "ChessBase"]
[SourceQuality "1"]

{[%evp 9,71,22,32,20,32,25,26,28,33,24,25,24,26,26,51,46,53,43,47,41,53,35,45,36,36,37,45,43,45,52,54,53,45,19,47,0,45,0,14,-20,-5,-13,29,37,29,35,77,22,326,326,326,326,323,312,864,845,1034,971,1442,1341,1060,777,771,768]} 1. e4 c6 2. d3 d5 3. Nd2 g6 4. Ngf3 Bg4 5. e5 e6 {[#]} 6. d4 $146 {B10: Caro-Kann: 2 d3 and 2 c4} ({Predecessor:} 6. h3 Bxf3 7. Nxf3 Bg7 8. d4 Ne7 9. Bd3 Qb6 10. Qe2 Nf5 11. c3 O-O 12. g4 {1-0 (25) Figus,M (1931)-Vozza,A (1514) Laconi 2006}) 6... Ne7 7. h3 Bxf3 $1 8. Nxf3 {White has an edge.} ({Much worse is} 8. gxf3 Nf5 $15) 8... c5 9. c3 cxd4 10. cxd4 Nbc6 11. Bd3 Nf5 12. Bxf5 gxf5 13. O-O Qb6 14. Bg5 Rg8 15. Qd2 Rc8 16. Rfc1 Kd7 17. Rc2 Kc7 18. Rac1 Kb8 19. a3 {[%cal Ba2a3,Ba3a4,Ba4b5,Bb5b6][%mdl 32]} a6 20. b4 Qb5 21. Rc3 Na7 {[%cal Bc6a7,Ba7c8,Bc8b6,Bb6c4][%mdl 32]} 22. Rxc8+ Nxc8 23. Qc3 Qd7 $1 24. a4 Nb6 25. b5 {Threatening bxa6.} axb5 26. axb5 {Threatens to win with Qa5.} Nc4 27. Qb3 $36 {[%mdl 2048] White fights for an advantage.} h6 28. Bf6 (28. Bf4 $16) 28... Be7 $2 {[%mdl 8192]} (28... b6 $1 $11 {and Black has nothing to worry.}) 29. b6 $1 $18 {Black must now prevent Rxc4.} Bd8 {[#]} 30. Bxd8 $1 Qxd8 31. Rb1 Qe7 $2 {[#]} (31... Qxb6 32. Qxb6 Nxb6) 32. Ra1 $1 {White is clearly winning.} ({Stronger than} 32. Qa4 Qa3 $11) 32... Rd8 33. Ne1 Qh4 34. Qa2 {[%csl Ga1][%cal Ra2a8]} Nxb6 35. Nf3 Qe4 {[#]} 36. Qa5 $1 {[%mdl 512] Accuracy: White = 84%, Black = 60%.} 1-0